Informació, documentació i joventut : com i perquè d'un servei municipal d'informació juvenil / Xavier Roigé ; col·laboradors: Domènec Garrofé i Carme Gargallo com i perquè d'un servei municipal d'informació juvenil / Xavier Roigé ; col·laboradors:
Descripción Física:
231 p. ; 21 cm
Colección:
Materials de joventut ; 3
MARC
| LEADER | 00000nam a2200000Ia 4500 | ||
|---|---|---|---|
| 001 | 1617 | ||
| 008 | 160829s1985 xx 000 0 cat d | ||
| 080 | |a S-1-64 | ||
| 100 | |a Roigé i Ventura, Xavier |9 26781 | ||
| 245 | |a Informació, documentació i joventut : |b com i perquè d'un servei municipal d'informació juvenil / Xavier Roigé ; col·laboradors: |b Domènec Garrofé i Carme Gargallo | ||
| 260 | |a Barcelona : |b Diputació de Barcelona, Servei de Joventut, |c 1985 | ||
| 300 | |a 231 p. ; |c 21 cm | ||
| 490 | |a Materials de joventut ; 3 | ||
| 650 | |a Joventut |x Serveis de documentació |9 26782 | ||
| 650 | |a Joves |x Serveis d'informació |9 26783 | ||
| 700 | |a Garrofé, Domènec |9 26784 | ||
| 700 | |a Gargallo, Carme |9 26785 | ||
| 710 | 1 | |a Barcelona (Catalunya : Província). |b Servei de Joventut |9 54681 | |
| 901 | |a Arxiu | ||
| 942 | |n 1 | ||
| 952 | |0 0 |1 0 |4 0 |6 S164 |7 1 |9 44138 |a Arxiu |b Arxiu |d 2016-12-01 |l 0 |o S-1-64 |p 1617 |r 2016-12-01 00:00:00 |w 2016-12-01 |y ARXIU | ||
| 999 | |c 46718 |d 46718 | ||